Cartilla Laboral 2020

Bibliographic Details
Format: eBook
Language:Spanish
Published: Bogot:̀ ECOE, 2020
Edition:Quinta Edicin̤
Subjects:
Online Access:Acceso restringido

MARC

LEADER 00000nam a22000007a 4500
005 20200304212428.0
007 cr|||| ||||
008 200304s2020 co |||||s|||| 00||0 spa d
020 |a 978-958-771-863-8 
035 |a 31227 
040 |a vLex 
090 |c 10177  |d 10177 
245 0 0 |a Cartilla Laboral 2020  |h [Recurso electrn̤ico] / 
250 |a Quinta Edicin̤ 
256 |a Servicio en ln̕ea 
260 |a Bogot:̀  |b ECOE,  |c 2020 
300 |a 1 recurso electrn̤ico 
506 1 |a Disponible solo en los productos indicados  |d vLex Global  |d vLex Global (Academic Edition, excluding Law Schools)  |d vLex Global (U.S. Academic Edition, Law Schools)  |d vLex Global (U.S. Academic Edition, excluding Law Schools)  |d vLex Global (Academic Edition, Law Schools) 
650 0 4 |a Derecho Laboral y Seguridad Social  |z Colombia 
740 0 |a vLex Libros (Servicio en ln̕ea) 
856 4 0 |u http://vlex.com/source/cartilla-laboral-2020-31227  |z Acceso restringido 
942 |c BOOK 
999 0 |a Labor law and social security